Ammonia : catalysis and manufacture /
Guardado en:
| Otros Autores: | , |
|---|---|
| Formato: | Libro |
| Idioma: | English |
| Publicado: |
Berlin :
Springer-Verlag,
c1995.
|
| Materias: | |
| Etiquetas: |
Agregar Etiqueta
Sin Etiquetas, Sea el primero en etiquetar este registro!
|
| LEADER | 00848pam a22002415a 4500 | ||
|---|---|---|---|
| 001 | EIQ.libpla002250 | ||
| 008 | 940907s1995####gw#a#####b####001#0#eng#d | ||
| 005 | 20070515180246.0 | ||
| 245 | 0 | 0 | |a Ammonia : |b catalysis and manufacture / |c with contributions by K. Aika ... [et al. ; editor, Anders Nielsen]. |
| 260 | |a Berlin : |b Springer-Verlag, |c c1995. | ||
| 300 | |a vi, 346 p. : |b il., tablas ; |c 24 cm. | ||
| 500 | |a Con 68 figuras y 23 tablas. | ||
| 504 | |a Incluye referencias bibliográficas e índice. | ||
| 020 | |a 3540583351 | ||
| 020 | |a 0387583351 (U.S.) | ||
| 700 | 1 | |a Aika, K. |q (Ken-ichi) | |
| 700 | 1 | |a Neilsen, Anders, |d 1934-, |e ed. |4 edt | |
| 082 | 0 | 0 | |a 661/.34 |2 20 |
| 650 | 4 | |a Amonia |x propiedades. | |
| 650 | 4 | |a Ammonia |x properties. | |
| 010 | |a 94036677 | ||
| 040 | |a DLC |c DLC |d AR-bbSID | ||
| 859 | |a AR-BbSID |b BIB. PLAPIQUI |h 661.34 |i Am 67 |p 4819 | ||
